MDQL
is popping MORE tags! Check the
thread
!
Quizzes
Events
Quiz Creation
Community
Videos
Private Events
Remove Ads
Sign In
Join for FREE
Feedback
Dark Mode
Quiz Categories
Sports
Geography
Music
Movies
Television
Just For Fun
Miscellaneous
History
Literature
Language
Science
Gaming
Entertainment
Religion
Holiday
For Kids
Quiz Lab
Recent
Popular Today
Quiz Kudos Today
Editor Picks
Curator Picks
Quizzes by...
Day
Popularity
Type
Ratings
Length
Year
Community
Subscriptions
Recent Discussions
Orange Saloon
Badges
Playlists
Quests
Create
Leaderboards
Showdown
Live 5
Trivia Bingo
Activity
Puzzle Library
Sporcle Events
Private Events
Virtual Trivia
Globe League
Become a Host
Pub Owners
SporcleCon
Opinionation
Our Games
Videos
Blog
Mobile Apps
Partnerships
Remove Ads and Go Orange
Feedback
Music
Pop Music
The Beatles
Song
Album
Lyrics
Bands
Singers
Artist
Clip
Rock
Rap
Classical
Billboard
Country Music
Kpop
Taylor Swift
Music
Pop Music
The Beatles
Song
Album
Lyrics
Bands
Singers
Artist
Clip
Rock
Rap
Classical
Billboard
Country Music
Kpop
Taylor Swift
Random Quiz
Search Sporcle
×
Quiz Lab
Quiz Lab
Music
Artist
Type in answers that appear in a list
Type in answers that appear in a list
Classic
Best Score? Go Orange.
Musicians and Bands Stats
Can you name the Musicians and bands who sing these songs?
By
JaredThater
10m
50 Questions
39 Plays
39 Plays
39 Plays
Comments
Comments
Give Quiz Kudos
Give Quiz Kudos
-
- Ratings
hide this ad
Forced Order
Answers have to be entered in order
Answers have to be entered in order
Replay
Link that replays current quiz
Next Quiz
Link to next quiz in quiz playlist
You Got
0%
They Got
Avg Score
57%
Avg Friend Score
Upgrade to see
Score Distribution
Jump to the score distribution portion of the page
Score
0/50
Timer
10:00
0
Plays Today
song
musician or band
% Correct
'like a virgin' 'papa don't preach'
Madonna
89.7%
'Marry the night' 'Bad Romance' 'Paparazzi'
Lady Gaga
87.2%
'livin la vida loca' 'she bangs'
Ricky Martin
87.2%
'umbrella' 'only girl in the world' 'take a bow'
Rihanna
87.2%
'Moves like Jagger'
Maroon 5
84.6%
'party rock anthem' 'sexy and i know it' 'Sorry for party rockin''
LMFAO
84.6%
'smooth criminal'
Michael Jackson
84.6%
'crocodile rock' 'saturday nights alright for fighting'
Elton John
82.1%
'Enter Sandman'
Metallica
79.5%
'Superbass' 'Stupid H**' 'Starships'
Nicki Minaj
79.5%
'F*** You'
Cee lo Green
79.5%
'Purple Haze'
Jimi Hendrix
79.5%
'The Scientist' 'Yellow' 'Fix You'
Coldplay
79.5%
'We R who we R' 'Blow' 'Tik Tok'
Ke$ha
76.9%
'who let the dogs out'
Baha Men
76.9%
'Rock N Roll aint noise pollution' 'Back in Black
ACDC
71.8%
'someday' 'i got a feeling' 'just cant get enough'
Black Eyed Peas
71.8%
'time after time'
Cyndi Lauper
71.8%
'piano man' 'for the longest time'
Billie Joel
71.8%
'feel good inc.' 'clint eastwood'
Gorillaz
71.8%
'This aint a scene it's an arms race' 'Dance, Dance' 'sugar we're going down'
Fall Out Boy
66.7%
'good feeling' 'low'
Flo Rida
66.7%
'down under'
Men at Work
66.7%
'Like a G6' 'Rocketeer'
Far East Movement
64.1%
'yeah x3' 'kiss kiss'
Chris Brown
64.1%
song
musician or band
% Correct
'Crank dat (Superman)' 'Turn my swag on'
Soulja Boy Tell'em
61.5%
'Lollipop' and 'I feel like dying'
Lil Wayne
61.5%
'Stereo Hearts'
Gym Class Heroes featuring Adam Levine
61.5%
'Gives you h***' 'Swing swing'
All-American Rejects
61.5%
'summer time' 'gettin' jiggy wit' it'
Will Smith
61.5%
'Superman' 'Lose Yourself' 'Smack Dat'
Eminem
59%
'Heartless' and 'All of the Lights'
Kanye West
56.4%
'Roll Up' 'Black and Yellow' 'No Sleep'
Wiz Khalifa
53.8%
'a milli' '6 foot 7'
Lil Wayne
48.7%
'break your heart' 'dirty picture' 'hangover'
Taio Cruz
48.7%
'beilamous' 'my hero'
Enrique Iglesias
46.2%
'Forever', 'Marvin's Room', 'Headlines' 'The Motto'
Drake
41%
'around the world' 'one more time'
Daft Punk
41%
'Bat Country'
Avenged Sevenfold
38.5%
'i like it like that' 'tonight tonight'
Hot Chelle Rae
38.5%
'Boyz in da hood'
Easy E
35.9%
'three way' 'rhaz trent' 'd*** in a box' 'motherlover'
The Lonely Island
35.9%
'levels'
Avicii
33.3%
'ohhh baby i love your way'
Peter Frampton
33.3%
'move b****' 'saturday' 'area codes'
Ludacris
25.6%
'back that a** up' 'Slow motion'
Juvenile
25.6%
'ghosts and stuff'
Deadmau5
17.9%
'lights camera action'
Mr. Cheeks
17.9%
'Blackout' 'Wooly' 'Edge of Heaven'
Breathe Carolina
15.4%
'name of the game(calling all freaks)'
Crystal Method
15.4%
Quiz Playlist
Details
Report
Send in Message
Add To Playlist
Classic:
Type in answers that appear in a list
Forced Order:
Answers have to be entered in order
Last Updated: Feb 16, 2017
Quiz Scoreboard
CHALLENGE
Sign Up to Join the Scoreboard
Show All
Scores
Hide
Comments
May contain spoilers
Recently Published
Holiday 10x10 Sorting Gallery
by lukepisani3
Holiday
15m
Two Season TV Shows II
by 123Four
Television
10m
Image Sorting: Flags VI
by Barbecue
Geography
2m
More to Explore
Quiz From the Vault
Featured Blog Post
14 Easter Pick-up Lines to Find Eggs With
hide this ad
You Might Also Like...
Tags
Artist Quiz
Bands Quiz
Song Quiz
Musician
Top 40
Today's Top Quizzes in Music
Browse Music
hide this ad
Today's Top Quizzes in Artist
Browse Artist
Top Contributed Quizzes in Music
1
5X2 Blitz: Bands II
2
Taylor Swift All Songs (2024)
3
5X2 Blitz: The Beatles
4
5X2 Blitz: Billboard
5
Music Artist by Three 2010s hits
6
5X2 Blitz: Billboard II
7
5X2 Blitz: Album
8
5X2 Blitz: Rock
9
5X2 Blitz: Singers
10
5X2 Blitz: Lyrics
Explore More
Trending Topics
Disney
Crossword
Harry Potter
Anime
Kpop
Marvel
NBA
The Office
Soccer
Country
Pokémon
Puzzle
WWE
NFL
Song
hide this ad
More By:
JaredThater
Quiz
Plays
Rating
Category
Featured
Created
Lyrics to 'Somebody that I used to know' by Gotye
9,432
4.36
Music
Mar 10, 2012
EDM Artists
2,631
4.00
Music
Jul 24, 2012
'8 Mile' Final Rap Battle Words
2,171
2.86
Movies
Feb 19, 2012
Lyrics to the song 'Sail' by AWOLNATION
823
4.70
Music
Jun 12, 2012
'Dead Poets' Society' Movie Characters
739
2.50
Movies
Mar 11, 2012
Go to Creator's Profile
Score Distribution
Quiz Creator Spotlight
JaredThater
Follow
Send a Message
Quizzes Created
-
Created Quiz Play Count
-
More By This Creator
Popular Quizzes Today
1
Find the US States - No Outlines Minefield
2
Colored Red Africa Blitz
3
Find the 'City' Movie
4
The Countries of the World
5
5x2 Blitz: Bands
6
Find the Countries of Europe - No Outlines Minefield
7
Find the US States
8
US States
More Music Quizzes
Olivia Rodrigo - enough for you
Quiz Lab
Trending Quizzes
Colored Red Europe Blitz I
Colored Red Europe Blitz II
Colored Red Africa Blitz II
Colored Red Europe Blitz III
Colored Red Africa Blitz III
Recently Updated
Odd Team Out - Big 4 Players
pecheneg
Quick Pick: 20 Twenties
pecheneg
March Madness Men's Triple Doubles
pecheneg
How Do You Spell That?
pecheneg
Godzilla Movies
pecheneg
Grab Bag: 4-10 Letters
pecheneg
2024 March Madness Bracket
pecheneg
Famous TV Couples
Peacemaker
Champions League XIs: Real Madrid
pecheneg
Largest US Cities 1790-2010
pecheneg
Trending Topics
Crossword
Disney
Kpop
Anime
Marvel
NBA
Harry Potter
NFL
Song
Pokémon
The Office
Country
Soccer
WWE
Puzzle
Your Account Isn't Verified!
In order to create a playlist on Sporcle, you need to verify the email address you used during registration. Go to your
Sporcle Settings
to finish the process.
Report this User
Report this user for behavior that violates our
Community Guidelines
.
Details:
Send Report
Go to the Sporcle.com Mobile Site →
Comments